[Event "Niederbayern-ch"]
[Site "Regen"]
[Date "2015.06.21"]
[Round "7"]
[White "Bergmann, Reiner"]
[Black "Huber, Florian"]
[Result "1/2-1/2"]
[WhiteElo "1841"]
[BlackElo "1754"]
[PlyCount "22"]
[EventDate "2015.06.18"]
[EventType "swiss"]
[EventRounds "7"]
[EventCountry "GER"]
[SourceTitle "EXT 2023"]
[Source "ChessBase"]
[SourceDate "2022.10.05"]
[SourceVersion "1"]
[SourceVersionDate "2022.10.05"]
[SourceQuality "1"]

1. e4 e5 2. Nf3 Nc6 3. Bc4 Bc5 4. d3 Nf6 5. Nc3 d6 6. Be3 Nd4 7. Bxd4 Bxd4 8. Nxd4 exd4 9. Nb5 c5 10. 0-0 a6 11. Na3 0-0 1/2-1/2

[Event "Niederbayernliga 1314"]
[Site "Bayern"]
[Date "2014.??.??"]
[Round "6"]
[White "Bergmann, Reiner"]
[Black "Reich, Christian"]
[Result "1/2-1/2"]
[WhiteElo "1786"]
[BlackElo "1623"]
[PlyCount "63"]
[EventDate "2013.10.13"]
[EventType "team-tourn"]
[EventRounds "9"]
[EventCountry "GER"]
[SourceTitle "EXT 2023"]
[Source "ChessBase"]
[SourceDate "2022.10.05"]
[SourceVersion "1"]
[SourceVersionDate "2022.10.05"]
[SourceQuality "1"]
[WhiteTeam "Bayerwald Regen/Zwiesel"]
[BlackTeam "Straubing SC"]
[WhiteTeamCountry "GER"]
[BlackTeamCountry "GER"]

1. e4 c5 2. Nf3 Nc6 3. d4 cxd4 4. Nxd4 e5 5. Nb5 d6 6. N1c3 a6 7. Na3 Nf6 8. Bg5 Be6 9. Bxf6 Qxf6 10. Nd5 Qd8 11. c3 Ne7 12. Be2 Nxd5 13. exd5 Bd7 14. 0-0 Be7 15. Qb3 b5 16. f4 Bf6 17. c4 Qb6+ 18. Kh1 Rb8 19. cxb5 axb5 20. fxe5 Bxe5 21. Nc2 0-0 22. Nb4 Rfc8 23. Bf3 Qd4 24. Nc6 Bxc6 25. dxc6 Qxb2 26. Qd5 Qd4 27. Rac1 Qxd5 28. Bxd5 Rc7 29. Rxf7 Rxf7 30. c7 Rc8 31. Be6 d5 32. Bxc8 1/2-1/2

[Event "Niederbayernliga 1314"]
[Site "Bayern"]
[Date "2013.??.??"]
[Round "2"]
[White "Neulinger Jagode, Rupert"]
[Black "Bergmann, Reiner"]
[Result "0-1"]
[WhiteElo "1748"]
[BlackElo "1786"]
[PlyCount "64"]
[EventDate "2013.10.13"]
[EventType "team-tourn"]
[EventRounds "9"]
[EventCountry "GER"]
[SourceTitle "EXT 2023"]
[Source "ChessBase"]
[SourceDate "2022.10.05"]
[SourceVersion "1"]
[SourceVersionDate "2022.10.05"]
[SourceQuality "1"]
[WhiteTeam "Aidenbach"]
[BlackTeam "Bayerwald Regen/Zwiesel"]
[WhiteTeamCountry "GER"]
[BlackTeamCountry "GER"]

1. e4 e5 2. f4 exf4 3. Nf3 d6 4. d4 g5 5. Bc4 Bg7 6. 0-0 h6 7. c3 Ne7 8. g3 g4 9. Nh4 f3 10. Nxf3 gxf3 11. Qxf3 0-0 12. Bxf7+ Kh7 13. Qh5 Ng8 14. Be3 Qe7 15. Nd2 Nf6 16. Qg6+ Kh8 17. Bb3 Bh3 18. Rf4 Ng4 19. Rxg4 Bxg4 20. Qxg4 Nd7 21. Bc2 Rf6 22. Nf3 Raf8 23. Nh4 Qf7 24. Nf5 d5 25. Qxg7+ Qxg7 26. Nxg7 Kxg7 27. e5 Rb6 28. Bb3 c6 29. Bf4 a5 30. a4 Rxb3 31. e6 Nf6 32. Be5 Re8 0-1

[Event "Arber op 1st"]
[Site "Bayerisch Eisenstein"]
[Date "2012.08.26"]
[Round "9"]
[White "Straub, Hermann"]
[Black "Bergmann, Reiner"]
[Result "1-0"]
[WhiteElo "1907"]
[BlackElo "1748"]
[PlyCount "83"]
[EventDate "2012.08.18"]
[EventType "swiss"]
[EventRounds "9"]
[EventCountry "GER"]
[SourceTitle "CBM 150 Extra"]
[Source "ChessBase"]
[SourceDate "2012.10.19"]
[SourceVersion "1"]
[SourceVersionDate "2012.10.19"]
[SourceQuality "1"]

1. b3 d5 2. Bb2 Nf6 3. e3 Bf5 4. f4 e6 5. Nf3 Nbd7 6. Be2 Bc5 7. 0-0 0-0 8. Ne5 h6 9. Bf3 c6 10. Nxd7 Nxd7 11. d4 Be7 12. Nd2 c5 13. c3 Rc8 14. Re1 cxd4 15. exd4 Qc7 16. g3 g5 17. fxg5 Bxg5 18. Bg2 Kh7 19. Nf3 Be7 20. Qd2 Rg8 21. Rf1 Rg6 22. Rae1 Rcg8 23. Ne5 Nxe5 24. dxe5 h5 25. Rxf5 exf5 26. Qd3 Qd7 27. Bh3 h4 28. Bxf5 Qc6 29. Kg2 Kh8 30. Bxg6 Rxg6 31. Qd4 Bc5 32. Qxh4+ Rh6 33. Qf4 Qe6 34. h4 Rg6 35. Bc1 Kg8 36. h5 Rg4 37. Qf6 Qd7 38. e6 fxe6 39. Qxe6+ Qxe6 40. Rxe6 Kf7 41. Re2 Bd6 42. Rf2+ 1-0

[Event "Arber op 1st"]
[Site "Bayerisch Eisenstein"]
[Date "2012.08.23"]
[Round "6"]
[White "Bergmann, Reiner"]
[Black "Herbold, Manfred"]
[Result "0-1"]
[WhiteElo "1748"]
[BlackElo "2088"]
[PlyCount "48"]
[EventDate "2012.08.18"]
[EventType "swiss"]
[EventRounds "9"]
[EventCountry "GER"]
[SourceTitle "CBM 150 Extra"]
[Source "ChessBase"]
[SourceDate "2012.10.19"]
[SourceVersion "1"]
[SourceVersionDate "2012.10.19"]
[SourceQuality "1"]

1. e4 c5 2. Nf3 a6 3. d4 cxd4 4. Nxd4 Nf6 5. Nc3 e5 6. Nf5 d5 7. Ng3 d4 8. Nce2 Nc6 9. f4 Bc5 10. Ng1 h5 11. Bd3 h4 12. N3e2 Bg4 13. Nf3 h3 14. 0-0 hxg2 15. Rf2 Qb6 16. Ng3 0-0-0 17. Qd2 Bb4 18. Qd1 Bd6 19. f5 Rh3 20. Rxg2 Nh5 21. Qf1 Rh8 22. Qf2 Nf4 23. Ng5 Nxg2 24. Nxf7 Nh4 0-1

[Event "Niederbayernliga 0809"]
[Site "Germany"]
[Date "2008.12.14"]
[Round "4.5"]
[White "Jurasic, Marinko"]
[Black "Bergmann, Reiner"]
[Result "1-0"]
[WhiteElo "1827"]
[BlackElo "1687"]
[PlyCount "81"]
[EventDate "2008.10.05"]
[EventType "tourn"]
[EventRounds "9"]
[EventCountry "GER"]
[SourceTitle "EXT 2010"]
[Source "ChessBase"]
[SourceDate "2010.11.25"]
[SourceVersion "1"]
[SourceVersionDate "2010.11.25"]
[SourceQuality "1"]
[WhiteTeam "Straubing"]
[BlackTeam "Bayerwald"]
[WhiteTeamCountry "GER"]
[BlackTeamCountry "GER"]

1. c4 c5 2. Nc3 g6 3. g3 Nc6 4. Bg2 Bg7 5. Nf3 Nf6 6. 0-0 0-0 7. d3 d6 8. a3 a5 9. Qb3 Rb8 10. Bg5 Bd7 11. Rad1 Nd4 12. Nxd4 cxd4 13. Nb5 Bxb5 14. Qxb5 b6 15. Bxf6 Bxf6 16. Rb1 Qc7 17. b4 Rfc8 18. Rb2 axb4 19. axb4 Qa7 20. Rfb1 e6 21. h4 h6 22. Bf3 Kh8 23. Rc1 d5 24. Rbc2 dxc4 25. Rxc4 Rxc4 26. Rxc4 Kg8 27. Kg2 Kf8 28. h5 g5 29. g4 Kg8 30. Rc2 Kf8 31. Be4 Kg8 32. Qc6 Be5 33. b5 Rd8 34. Qc4 Qb8 35. Ra2 Qd6 36. Ra7 Rd7 37. Qc8+ Rd8 38. Qb7 Rf8 39. Qc6 Rb8 40. Rd7 Qf8 41. Bg6 1-0